Central Library OPAC University of Rajshahi
Normal view MARC view

Entry Topical Term

Number of records used in: 3

001 - CONTROL NUMBER

  • control field: 6987

003 - CONTROL NUMBER IDENTIFIER

  • control field: BD-RjUL

005 - DATE AND TIME OF LATEST TRANSACTION

  • control field: 20230214134148.0

008 - FIXED-LENGTH DATA ELEMENTS

  • fixed length control field: 230214|| aca||aabn | a|a d

040 ## - CATALOGING SOURCE

  • Original cataloging agency: BD-RjUL
  • Transcribing agency: BD-RjUL

150 ## - HEADING--TOPICAL TERM

  • Topical term or geographic name entry element: Specific levels of Primary eduction
  • Geographic subdivision: Sherpur

670 ## - SOURCE DATA FOUND

  • Source citation: Work cat.: (BD-RjUL)81227: Ferdous, Jannatul 3103, Problems of primary eduction : , 2012